Greek Mythology - Statistics

General Stats
  • This quiz has been taken 551 times
    292 since last reset
  • The average score is 6 of 11
Answer Stats
Question Answer % Correct
How many Gods are on the Olympian council? 12
94%
Who gifted Perseus with winged shoes to aid him in his battle with Medusa? Hermes
82%
Which Greek god is in charge of plague and archery? Apollo
79%
Who slew the mighty Erymanthian Boar? Heracles/Hercules
71%
Which primordial being is the embodiment of the sky? Ouranos
65%
Who was in charge of Troy during the Trojan war? Priam
42%
The fields of ________ are were the dead who haven't been bad or good go Asphodel
41%
Name one of the three judges of the dead Minos/Aeacus/Rhadamanthus
35%
Which minor deity is the God of the North Wind? Boreas
34%
Who killed the bandit Sciron? Theseus
34%
Who lost a running race because of three golden apples? Atalanta
30%
No matching quizzes found
Score Distribution
Percent of People with Each Score
Percentile by Number Answered
Your Score History
You have not taken this quiz since the last reset